[Event "ICS rated blitz match"]
[Site "204.178.125.65"]
[Date "2001.01.21"]
[Round "?"]
[White "Hossa"]
[Black "PostModernist"]
[Result "0-1"]
[WhiteElo "2621"]
[BlackElo "2574"]
[PlyCount "142"]
[EventDate "2001.??.??"]

1. e4 c5 2. Nf3 Nc6 3. Bb5 e6 4. O-O Nge7 5. d3 a6 6. Ba4 b5 7. Bb3 Na5 8. Be3
Ng6 9. Nbd2 Be7 10. c3 Bb7 11. Bc2 O-O 12. Rc1 d5 13. e5 d4 14. cxd4 cxd4 15.
Bxd4 Nc6 16. Be3 Ncxe5 17. Nxe5 Nxe5 18. d4 Nd7 19. Qh5 Nf6 20. Qh4 Qd6 21. Nb3
Rfc8 22. Nc5 Bd5 23. Bf4 Qd8 24. Be5 g6 25. Nb3 Nh5 26. Qh3 f6 27. Bg3 a5 28.
Bd1 Nxg3 29. hxg3 a4 30. Nc5 f5 31. g4 Bxa2 32. gxf5 exf5 33. Bf3 Rab8 34. Rfd1
Bg5 35. Ra1 Bc4 36. Qh2 Bf6 37. Bb7 Rc7 38. Bf3 Rb6 39. Qf4 Qd6 40. Qe3 Rb8 41.
Rac1 g5 42. g4 Re7 43. Qc3 Qf4 44. gxf5 Rd8 45. Bh5 Qh4 46. Bf3 Bxd4 47. Rxd4
Rxd4 48. Re1 Rg4+ 49. Bxg4 Qxg4+ 50. Kh2 Bd5 51. Qg3 Qxg3+ 52. Kxg3 Rxe1 53.
Nd7 Bf7 54. f3 Re2 55. Nf6+ Kg7 56. Ne4 Rxe4 57. fxe4 Kf6 58. Kg4 h5+ 59. Kf3
b4 60. Ke3 Ke5 61. Kd2 a3 62. bxa3 bxa3 63. Kd3 a2 64. Ke3 a1=Q 65. Kf3 Qf1+
66. Ke3 Qe1+ 67. Kf3 g4+ 68. Kg2 h4 69. f6 Bg6 70. f7 Bxe4+ 71. Kh2 Qf2# {
Hossa checkmated} 0-1

[Event "ICS rated blitz match"]
[Site "204.178.125.65"]
[Date "2001.01.21"]
[Round "?"]
[White "ChesterX"]
[Black "Hossa"]
[Result "1-0"]
[WhiteElo "2563"]
[BlackElo "2603"]
[PlyCount "185"]
[EventDate "2001.??.??"]

1. d4 d5 2. e3 Nf6 3. Bd3 c5 4. c3 Nc6 5. f4 Bg4 6. Nf3 Ne4 7. Qb3 Qd7 8. Bxe4
dxe4 9. Ng5 e6 10. Nxe4 Na5 11. Qc2 cxd4 12. exd4 Be7 13. O-O O-O 14. b3 Nc6
15. Ba3 Rfc8 16. Qd3 Bf5 17. Bxe7 Nxe7 18. Nbd2 Nd5 19. Qg3 Qd8 20. Kh1 Qe7 21.
Qf3 Rc6 22. c4 Nb4 23. g4 Bxe4 24. Qxe4 Rd6 25. Nf3 Qd7 26. Qb1 Re8 27. Re1 Nc6
28. Ng5 f5 29. gxf5 Nxd4 30. c5 Ra6 31. fxe6 Qc6+ 32. Kg1 g6 33. Qb2 Nxe6 34.
Qf2 Nxg5 35. fxg5 Rc8 36. Rad1 Rf8 37. Qc2 Qc7 38. Qc4+ Kg7 39. Qd4+ Kg8 40.
Qd5+ Kh8 41. Rd2 Qf4 42. Qe5+ Qxe5 43. Rxe5 Rf7 44. h4 Kg7 45. Kg2 h6 46. Kg3
hxg5 47. hxg5 Ra5 48. Rde2 Rb5 49. R2e4 Ra5 50. a4 Kf8 51. Re8+ Kg7 52. R4e5
Ra6 53. Rc8 Rd7 54. Kf4 Kf7 55. Ke4 Rc6 56. Rxc6 bxc6 57. b4 a6 58. Ke3 Rd1 59.
Re4 Re1+ 60. Kd4 Rf1 61. Ke5 Ke7 62. Re3 Rf5+ 63. Kd4+ Kf7 64. b5 axb5 65. axb5
Rf4+ 66. Ke5 Rg4 67. bxc6 Ke7 68. Kd5+ Kd8 69. Re6 Rg1 70. Rxg6 Rd1+ 71. Kc4
Rc1+ 72. Kd4 Rd1+ 73. Ke5 Re1+ 74. Kf4 Kc7 75. Rf6 Rc1 76. g6 Rg1 77. Kf5 Kb8
78. Rf7 Rf1+ 79. Ke4 Re1+ 80. Kf3 Kc8 81. g7 Rg1 82. Rf8+ Kc7 83. g8=Q Rxg8 84.
Rxg8 Kxc6 85. Rg5 Kd7 86. Ke4 Ke7 87. Re5+ Kf7 88. c6 Kg7 89. c7 Kh7 90. Re7+
Kg6 91. c8=Q Kh6 92. Qg8 Kh5 93. Rh7# {Hossa checkmated} 1-0

[Event "ICS rated blitz match"]
[Site "204.178.125.65"]
[Date "2001.01.21"]
[Round "?"]
[White "Hossa"]
[Black "rparkes"]
[Result "1-0"]
[WhiteElo "2585"]
[BlackElo "1941"]
[PlyCount "43"]
[EventDate "2001.??.??"]

1. e4 e6 2. d3 d5 3. Nd2 Nf6 4. g3 dxe4 5. dxe4 e5 6. Ngf3 Nc6 7. Bb5 Bd6 8.
Nc4 O-O 9. Bxc6 bxc6 10. Nfxe5 Nxe4 11. O-O Bb7 12. Re1 Nc5 13. Qf3 f6 14. Nxc6
Qd7 15. Qd5+ Kh8 16. N4a5 Bxc6 17. Nxc6 Qxc6 18. Qxc6 Rab8 19. Be3 Rb6 20. Qd5
Rb5 21. c4 Ra5 22. b4 {rparkes resigns} 1-0

[Event "ICS rated standard match"]
[Site "204.178.125.65"]
[Date "2001.01.21"]
[Round "?"]
[White "megacapa"]
[Black "Hossa"]
[Result "0-1"]
[WhiteElo "2001"]
[BlackElo "2296"]
[PlyCount "164"]
[EventDate "2001.??.??"]

1. e4 e5 2. Nf3 Nf6 3. Nc3 Bb4 4. Bc4 d6 5. Nd5 Nxd5 6. Bxd5 c6 7. Bb3 O-O 8.
c3 Ba5 9. h3 d5 10. d3 dxe4 11. dxe4 Qxd1+ 12. Kxd1 Nd7 13. Ke2 Bc7 14. Be3 b6
15. Rhd1 Nf6 16. Bc2 Ba6+ 17. Ke1 h6 18. Nh4 Rfd8 19. Nf5 Bb7 20. f3 Rab8 21.
Bf2 Nh5 22. Bd3 Nf4 23. Bf1 Ng6 24. h4 h5 25. Be3 Bc8 26. g3 Be6 27. b3 Rxd1+
28. Rxd1 Bxf5 29. exf5 Ne7 30. g4 Nd5 31. Bd2 Bd6 32. Bd3 hxg4 33. fxg4 e4 34.
Bc4 Bg3+ 35. Ke2 Bxh4 36. Bxd5 cxd5 37. Be3 Rc8 38. Rxd5 Rxc3 39. Rd4 Rc2+ 40.
Rd2 Rc7 41. Rd4 Re7 42. Rd8+ Kh7 43. Rf8 f6 44. Rc8 g6 45. Rc1 Bg3 46. Rh1+ Kg7
47. Rg1 Bh4 48. Rh1 g5 49. Rc1 Bg3 50. Rc4 Kf7 51. a4 Kg7 52. b4 Bd6 53. b5 Bf4
54. Rc8 Bg3 55. Rc4 Re8 56. Kd2 Kf7 57. Ke2 Bf4 58. Rc6 Be5 59. Rc4 Bd6 60. Rc6
Bh2 61. Rc4 Kg7 62. Rc6 Be5 63. Rc4 Bf4 64. Kd2 Re7 65. Ke2 Kh6 66. Kd2 Kh7 67.
Ke2 Kg8 68. Kd2 Kf7 69. Ke2 Ke8 70. Kd2 Kd8 71. Rc6 Be5 72. Ke2 Ke8 73. Rc4 Kd7
74. Rxe4 Kd6 75. Rc4 Bf4 76. Rc6+ Kd5 77. Re6 Rxe6 78. fxe6 Kxe6 79. Bxf4 gxf4
80. Kd3 Ke5 81. Ke2 Ke4 82. Kf2 f3 {megacapa resigns} 0-1

[Event "ICS rated blitz match"]
[Site "204.178.125.65"]
[Date "2001.01.21"]
[Round "?"]
[White "Hossa"]
[Black "fonypony"]
[Result "1-0"]
[WhiteElo "2572"]
[BlackElo "2063"]
[PlyCount "53"]
[EventDate "2001.??.??"]

1. e4 d5 2. exd5 Nf6 3. d4 Nxd5 4. c4 Nb6 5. Nc3 g6 6. Nf3 Bg7 7. Be2 O-O 8.
O-O Nc6 9. d5 Ne5 10. Nxe5 Bxe5 11. Bh6 Re8 12. Qc1 c5 13. Bf4 Bxf4 14. Qxf4 a6
15. Rad1 Qd6 16. Qe3 f5 17. Rfe1 e5 18. Qh6 e4 19. Rd2 Bd7 20. Bf1 Rad8 21. Re3
Qf8 22. Qf4 Qf6 23. Nxe4 Qf8 24. Nd6 Rxe3 25. fxe3 Nc8 26. Nxb7 Qe7 27. Nxd8 {
fonypony resigns} 1-0

[Event "ICS rated blitz match"]
[Site "204.178.125.65"]
[Date "2001.01.21"]
[Round "?"]
[White "grpp"]
[Black "Hossa"]
[Result "0-1"]
[WhiteElo "2233"]
[BlackElo "2574"]
[PlyCount "50"]
[EventDate "2001.??.??"]

1. e4 e5 2. Nf3 Nf6 3. Nxe5 d6 4. Nc4 Nxe4 5. Ne3 Be7 6. d4 O-O 7. Bd3 d5 8. c4
Bb4+ 9. Nd2 Qh4 10. O-O Nxd2 11. Bxd2 Bxd2 12. Qxd2 dxc4 13. Bxc4 Nc6 14. Bd5
Nxd4 15. Rfd1 Ne6 16. Nf5 Qf6 17. Qc2 Nf4 18. Be4 g6 19. Ne3 Re8 20. Rac1 c6
21. Nc4 Be6 22. Nd6 Re7 23. b4 Bd5 24. Bxd5 cxd5 25. Nc8 Re8 {grpp resigns} 0-1

[Event "ICS rated blitz match"]
[Site "204.178.125.65"]
[Date "2001.01.21"]
[Round "?"]
[White "Hossa"]
[Black "AvernoX"]
[Result "1-0"]
[WhiteElo "2578"]
[BlackElo "2381"]
[PlyCount "65"]
[EventDate "2001.??.??"]

1. e4 e6 2. d3 Be7 3. Nf3 d5 4. exd5 Qxd5 5. Nc3 Qd6 6. Ne4 Qb4+ 7. c3 Qb6 8.
d4 Nd7 9. Bd3 a5 10. O-O Ngf6 11. Ng3 O-O 12. Qc2 Rd8 13. Bf4 Nf8 14. Ne5 c5
15. Nc4 Qc6 16. dxc5 Qxc5 17. Be3 Qc6 18. Bb6 Rd5 19. Bd4 b5 20. Ne3 Rd7 21.
Bxf6 gxf6 22. Be4 Qa6 23. Bxa8 Qxa8 24. Nh5 Kh8 25. Ng4 Bb7 26. Qc1 e5 27. Qh6
Ne6 28. Nhxf6 Bxf6 29. Nxf6 Be4 30. Nxd7 Bxg2 31. Nf6 Be4 32. Rfe1 Bg6 33. Rxe5
{AvernoX resigns} 1-0

[Event "ICS rated blitz match"]
[Site "204.178.125.65"]
[Date "2001.01.21"]
[Round "?"]
[White "Hossa"]
[Black "Guinness"]
[Result "1-0"]
[WhiteElo "2586"]
[BlackElo "2093"]
[PlyCount "67"]
[EventDate "2001.??.??"]

1. e4 Nc6 2. Nf3 e5 3. d4 exd4 4. Nxd4 Nf6 5. Nxc6 bxc6 6. e5 Qe7 7. Qe2 Nd5 8.
c4 Nb6 9. Nc3 g6 10. Ne4 Bg7 11. Nf6+ Bxf6 12. exf6 Qxe2+ 13. Bxe2 O-O 14. b3
Re8 15. Be3 d5 16. Rc1 Nd7 17. cxd5 Nxf6 18. dxc6 a5 19. Rd1 Ba6 20. Bf3 Rad8
21. Rxd8 Rxd8 22. Bd2 a4 23. bxa4 Nd5 24. a3 Nb6 25. Bf4 Nxa4 26. Bxc7 Re8+ 27.
Kd2 Nc5 28. Bb6 Na4 29. Bd4 Rd8 30. Ke3 Rf8 31. c7 Re8+ 32. Kf4 f5 33. Bd5+ Kf8
34. Kg5 {Guinness resigns} 1-0

[Event "ICS rated blitz match"]
[Site "204.178.125.65"]
[Date "2001.01.21"]
[Round "?"]
[White "Hossa"]
[Black "Valg"]
[Result "1/2-1/2"]
[WhiteElo "2574"]
[BlackElo "2768"]
[PlyCount "64"]
[EventDate "2001.??.??"]

1. e4 c5 2. c3 d5 3. exd5 Qxd5 4. d4 Nf6 5. Nf3 Bg4 6. Be2 e6 7. O-O Nc6 8. Na3
cxd4 9. Nb5 Rc8 10. Nfxd4 Bxe2 11. Qxe2 Nxd4 12. Nxd4 a6 13. Rd1 Bc5 14. Nb3
Qf5 15. Nxc5 Rxc5 16. Be3 Rd5 17. c4 Rxd1+ 18. Rxd1 O-O 19. Bb6 Rc8 20. b3 h5
21. a3 Rc6 22. Qd2 Ne4 23. Qd7 Rd6 24. Rxd6 Nxd6 25. h3 Ne4 26. f3 Ng3 27. Qc8+
Kh7 28. Qxb7 Qb1+ 29. Kh2 Nf1+ 30. Kg1 Ng3+ 31. Kh2 Nf1+ 32. Kg1 Ng3+ {
Game drawn by repetition} 1/2-1/2

[Event "ICS rated blitz match"]
[Site "204.178.125.65"]
[Date "2001.01.21"]
[Round "?"]
[White "nyul"]
[Black "Hossa"]
[Result "0-1"]
[WhiteElo "2194"]
[BlackElo "2582"]
[PlyCount "74"]
[EventDate "2001.??.??"]

1. e4 c5 2. c4 Nc6 3. d3 g6 4. Nf3 Bg7 5. Nc3 Nf6 6. Be2 d6 7. h3 O-O 8. Be3
Nd7 9. Qd2 Nd4 10. Bd1 f5 11. Bh6 fxe4 12. dxe4 Nxf3+ 13. Bxf3 Bxh6 14. Qxh6
Ne5 15. Be2 Nf7 16. Qe3 Bd7 17. O-O e6 18. Rad1 Qe7 19. Qg3 Rab8 20. f4 Ra8 21.
Rde1 Qf6 22. Bd3 Qd4+ 23. Kh2 Bc6 24. Rd1 Qf6 25. Be2 Kh8 26. Bg4 Rad8 27. Bf3
Nh6 28. Be2 b6 29. Rd2 Rd7 30. Rfd1 Nf7 31. e5 Qe7 32. exd6 Nxd6 33. Bf3 Nxc4
34. Rxd7 Bxd7 35. Ne4 Nxb2 36. Rb1 Nd3 37. Ng5 Nxf4 {nyul resigns} 0-1

[Event "ICS rated blitz match"]
[Site "204.178.125.65"]
[Date "2001.01.21"]
[Round "?"]
[White "Hossa"]
[Black "nyul"]
[Result "1-0"]
[WhiteElo "2585"]
[BlackElo "2191"]
[PlyCount "69"]
[EventDate "2001.??.??"]

1. e4 e5 2. Nf3 Nc6 3. Bc4 Nf6 4. d3 Bc5 5. O-O d6 6. c3 Bb6 7. Be3 O-O 8. Na3
Na5 9. Bxb6 axb6 10. Bb5 c6 11. Ba4 b5 12. Bc2 b6 13. d4 Qc7 14. Qd2 Bg4 15.
Qe3 Bxf3 16. Qxf3 Nc4 17. Nxc4 bxc4 18. dxe5 dxe5 19. Rfd1 Rfd8 20. Rxd8+ Rxd8
21. Rd1 h6 22. Rxd8+ Qxd8 23. Qe2 b5 24. f3 Nh5 25. g3 Nf6 26. Kg2 Qd6 27. a4
Nd7 28. a5 Nc5 29. Qd1 Nd3 30. a6 Qd7 31. b3 Qa7 32. bxc4 Qf2+ 33. Kh3 Ne1 34.
a7 Qxh2+ 35. Kxh2 {nyul resigns} 1-0

[Event "ICS rated blitz match"]
[Site "204.178.125.65"]
[Date "2001.01.21"]
[Round "?"]
[White "nyul"]
[Black "Hossa"]
[Result "0-1"]
[WhiteElo "2188"]
[BlackElo "2588"]
[PlyCount "42"]
[EventDate "2001.??.??"]

1. e4 c5 2. c4 Nc6 3. d3 g6 4. Nf3 Bg7 5. Nc3 Nf6 6. Be2 d6 7. h3 O-O 8. O-O
Nd7 9. Be3 f5 10. Qd2 fxe4 11. dxe4 Nde5 12. Nxe5 Nxe5 13. Bh6 Bxh6 14. Qxh6 e6
15. Qe3 Nf7 16. f4 Qf6 17. Rad1 b6 18. Bf3 Rb8 19. Rfe1 Qh4 20. Kh2 e5 21. g3
Qxh3+ {nyul resigns} 0-1

[Event "ICS rated standard match"]
[Site "204.178.125.65"]
[Date "2001.01.21"]
[Round "?"]
[White "Hossa"]
[Black "quanta"]
[Result "1-0"]
[WhiteElo "2301"]
[BlackElo "2184"]
[Annotator "Nimzo 8 (25s)"]
[PlyCount "37"]
[EventDate "2001.??.??"]

{C00: Franzoesische Verteidigung (Seltene Zuege)} 1. e4 e6 2. d3 d5 3. Nd2 Nf6
4. g3 c5 5. Bg2 Nc6 6. f4 (6. Ngf3 Bd6 $15) 6... Be7 7. e5 Nd7 8. Ngf3 g5 (8...
O-O 9. O-O $17) 9. Nxg5 (9. Nb3 a5 $11) 9... Bxg5 $15 10. fxg5 Ndxe5 11. O-O
Qxg5 (11... O-O $142 $5 $17) 12. Ne4 $11 Qe7 $4 (12... Qg7 $142 {
ist die einzige Rettung} 13. Nf6+ Ke7 $11) 13. Bg5 $18 Qc7 {
Wenn Schwarz jetzt zu dxe4 kaeme...} 14. Nf6+ Kf8 15. Qh5 h6 (15... Qa5 16. c4
Ke7 17. cxd5 $18) 16. Bxh6+ Ke7 (16... Rxh6 {ist noch eine Idee} 17. Qxh6+ Ke7
$18) 17. Nxd5+ $1 {Beseitigt den Bauernschutz} 17... exd5 18. Bg5+ {
Motiv: Abzugsangriff} 18... Kd6 {
Wenn Schwarz nun zu Rxh5 kommt, geht es ihm besser} 19. Qxh8 (19. Qxh8 Qb6 20.
Rf6+ Kc7 21. Rxc6+ Kxc6 22. Qxe5 $18) 1-0

[Event "ICS rated standard match"]
[Site "204.178.125.65"]
[Date "2001.01.21"]
[Round "?"]
[White "Hossa"]
[Black "expert101"]
[Result "1-0"]
[WhiteElo "2312"]
[BlackElo "2123"]
[PlyCount "155"]
[EventDate "2001.??.??"]

1. e4 c6 2. d4 d5 3. exd5 cxd5 4. Bd3 Nc6 5. c3 Nf6 6. Bf4 g6 7. h3 Bg7 8. Nd2
O-O 9. Ngf3 a6 10. O-O b5 11. Ne5 Bb7 12. Re1 e6 13. Ndf3 Nxe5 14. Bxe5 Nd7 15.
Bxg7 Kxg7 16. Qd2 Rc8 17. h4 h5 18. Qf4 Qf6 19. Qd6 Rfd8 20. Qb4 Nb6 21. a4
Nxa4 22. Rxa4 bxa4 23. Qxb7 a3 24. bxa3 Rxc3 25. Qxa6 Rb8 26. Bb1 Rbb3 27. Qe2
Rxa3 28. Qe5 Ra1 29. Rf1 Rb3 30. Qxf6+ Kxf6 31. Bc2 Rxf1+ 32. Kxf1 Rb2 33. Bd3
Ke7 34. g3 Kf6 35. Kg2 Ke7 36. Ne5 Rd2 37. Kf3 Kf6 38. Nd7+ Kg7 39. Ke3 Rb2 40.
Nc5 Kf6 41. Be2 Ke7 42. f3 Kf6 43. Bd3 Kg7 44. Ba6 Rg2 45. Bf1 Rb2 46. f4 Rb1
47. Bd3 Re1+ 48. Kf3 Rd1 49. Ke2 Rg1 50. Kf2 Ra1 51. Be2 Ra3 52. Ba6 Kf6 53.
Kg2 Ra2+ 54. Kf3 Ra3+ 55. Bd3 Kg7 56. Ke2 Kf6 57. Ke3 Ke7 58. Kf3 Kf6 59. Kf2
Kg7 60. Ke3 Kf6 61. Nd7+ Ke7 62. Ne5 Kf6 63. Kf2 Kg7 64. Be2 Ra4 65. Nc6 Ra3
66. Nb8 Ra4 67. Ke3 Ra3+ 68. Bd3 Kf6 69. Nc6 Rc3 70. Nb4 Rb3 71. Na6 Ke7 72.
Kd2 Ra3 73. Nb4 Rb3 74. Nc6+ Kd6 75. Ne5 Ke7 76. Kc2 Ra3 77. Kb2 Ra7 78. Nc6+ {
expert101 resigns} 1-0

[Event "ICS rated blitz match"]
[Site "204.178.125.65"]
[Date "2001.01.21"]
[Round "?"]
[White "Hossa"]
[Black "mambrino"]
[Result "1-0"]
[WhiteElo "2591"]
[BlackElo "1981"]
[Annotator "Nimzo 8 (25s)"]
[PlyCount "31"]
[EventDate "2001.??.??"]

{C03: Franzoesische Verteidigung (Tarrasch-Variante)} 1. e4 e6 2. d3 d5 3. Nd2
b6 4. d4 Nf6 5. e5 {Weiss erobert Raum} 5... Nfd7 6. Nh3 Ba6 (6... c5 7. Bb5
$17) 7. c4 (7. Bxa6 Nxa6 8. O-O Be7 $11) 7... Nc6 (7... c5 8. cxd5 Bxf1 9. Nxf1
exd5 10. Bg5 $11) 8. cxd5 $14 Bxf1 9. Nxf1 exd5 (9... Bb4+ 10. Bd2 Bxd2+ 11.
Qxd2 (11. Nxd2 $143 Nxd4 12. Ne4 exd5 13. Qxd4 dxe4 $14) (11. Kxd2 $143 Nxd4
12. Kc1 c5 $17) 11... exd5 12. Nf4 $16) 10. Nf4 Bb4+ 11. Bd2 O-O 12. Nxd5 Bxd2+
13. Qxd2 Re8 (13... Nf6 $142 14. Nxc7 Ne4 $11) 14. Rc1 (14. Nfe3 Ne7 15. Nxe7+
Qxe7 $16) 14... Ndxe5 $4 {wirft den Vorteil weg} (14... Nxd4 $142 {
sieht noch spielbar aus} 15. Nxc7 Nxe5 $17) 15. dxe5 $18 Rxe5+ $4 {
Schwarz zeigt sich dem Druck nicht mehr gewachsen. .} (15... Nxe5 $142 16. Nfe3
c6 $18) 16. Nfe3 (16. Nfe3 Qd6 17. O-O $18) 1-0

[Event "ICS rated blitz match"]
[Site "204.178.125.65"]
[Date "2001.01.21"]
[Round "?"]
[White "mambrino"]
[Black "Hossa"]
[Result "0-1"]
[WhiteElo "1980"]
[BlackElo "2592"]
[Annotator "Nimzo 8 (25s)"]
[PlyCount "10"]
[EventDate "2001.??.??"]

{C43: Russische Verteidigung (Petrow)} 1. e4 e5 2. Nf3 Nf6 3. d4 Nxe4 4. dxe5 (
4. Bd3 $5 {ist zu erwaegen} 4... d5 5. Nxe5 $11) 4... Bc5 $15 5. Nd4 $4 (5. Be3
$142 {war die einzige Moeglichkeit, noch zu kaempfen} 5... Bxe3 6. fxe3 $15)
5... Nxf2 $19 {Zerstoerung der Bauerndeckung. . . . . . . .} (5... Nxf2 6. Kxf2
Qh4+ 7. Ke3 Bxd4+ 8. Qxd4 Qe1+ 9. Kf3 Qxc1 $19) 0-1

[Event "ICS rated blitz match"]
[Site "204.178.125.65"]
[Date "2001.01.21"]
[Round "?"]
[White "Hossa"]
[Black "mambrino"]
[Result "1-0"]
[WhiteElo "2593"]
[BlackElo "1979"]
[Annotator "Nimzo 8 (25s)"]
[PlyCount "27"]
[EventDate "2001.??.??"]

{C00: Franzoesische Verteidigung (Seltene Zuege)} 1. e4 e6 2. d3 d5 3. Nd2 Nf6
4. g3 (4. e5 Nfd7 5. Ngf3 c5 $17) 4... Nc6 5. Bg2 dxe4 (5... Bc5 6. Ngf3 $15)
6. Nxe4 $11 Nxe4 7. Bxe4 e5 8. Nf3 f6 {Nimmt Einfluss auf g5} 9. O-O Bh3 $2 (
9... Bd6 $142 $16) 10. Nxe5 $1 $18 {Die Raeumung erlaubt d1-h5.} 10... Bxf1 $2
(10... Nxe5 11. Qh5+ {Motiv: Doppelangriff}) 11. Nxc6 Qd6 (11... bxc6 {
aendert den Lauf der Dinge nicht} 12. Bxc6+ Kf7 13. Bxa8 Qxa8 14. Qxf1 $18) 12.
Na5 Bh3 (12... Qe5 {ist vielleicht ein Schwindelversuch} 13. Nc4 Qxe4 14. dxe4
Bxc4 $18) 13. Bxb7 Rb8 (13... Rd8 {holt die Kuh nicht vom Eis} 14. Qh5+ g6 15.
Qxh3 $18) 14. Qh5+ (14. Qh5+ g6 15. Qxh3 $18) 1-0

[Event "ICS rated blitz match"]
[Site "204.178.125.65"]
[Date "2001.01.21"]
[Round "?"]
[White "mambrino"]
[Black "Hossa"]
[Result "0-1"]
[WhiteElo "1978"]
[BlackElo "2594"]
[Annotator "Nimzo 8 (25s)"]
[PlyCount "43"]
[EventDate "2001.??.??"]

{C43: Russische Verteidigung (Petrow)} 1. e4 e5 2. Nf3 Nf6 3. d4 Nxe4 4. Bd3 d5
5. Nxe5 Bd6 6. O-O O-O 7. c4 Bxe5 8. dxe5 Nc6 9. cxd5 Qxd5 10. Qc2 Nb4 (10...
Nd4 $142 $5 11. Qxc7 Qc5 12. Qxc5 Nxc5 $17) 11. Bxe4 $11 Nxc2 {
Droht entscheidend Qxe4} 12. Bxd5 {Droht Nc3} 12... Bf5 {Mit der Drohung c6}
13. Nc3 (13. g4 Bg6 14. f4 c6 $11) 13... Nxa1 {Mit der Absicht c6} 14. g4 Bxg4
{Eine Ablenkung} (14... Bd3 $142 15. Rd1 Bc2 $17) 15. Bg5 $4 {
danach kann Weiss alle Traeume begraben} (15. Be4 $142 {war der einzige Versuch
} 15... Bh3 16. Re1 $14) 15... Nc2 $19 16. f3 (16. Bxb7 Rab8 17. Be4 $19) 16...
Bf5 17. Rd1 h6 18. Bh4 c6 19. Bb3 g5 20. Bf2 Rfd8 21. Rd6 Rxd6 22. e6 $4 {
der Druck provoziert den entscheidenden Fehler} (22. exd6 Rd8 23. Bxc2 Bxc2 24.
Bg3 $19) 0-1

[Event "ICS rated blitz match"]
[Site "204.178.125.65"]
[Date "2001.01.21"]
[Round "?"]
[White "Hossa"]
[Black "mambrino"]
[Result "1/2-1/2"]
[WhiteElo "2595"]
[BlackElo "1977"]
[PlyCount "171"]
[EventDate "2001.??.??"]

1. d4 d5 2. c4 c6 3. Nf3 e6 4. Nc3 dxc4 5. e4 b5 6. Be2 Bb7 7. O-O Nf6 8. Bg5
Be7 9. a3 a6 10. Qc2 Nbd7 11. Bf4 h6 12. Qd2 Qb6 13. Ne5 Nxe5 14. Bxe5 O-O 15.
Bf3 Rad8 16. Qf4 Nd7 17. Bc7 Qxd4 18. Rfd1 Qf6 19. Qxf6 Bxf6 20. Bxd8 Rxd8 21.
Kf1 Kf8 22. Rd2 Ke8 23. Ke2 Ne5 24. Rxd8+ Bxd8 25. Rc1 Bb6 26. Rc2 a5 27. Rd2
Ke7 28. h4 g6 29. g4 Ba6 30. Rd1 b4 31. axb4 axb4 32. Ra1 bxc3 33. bxc3 Bb5 34.
Ra2 Bc5 35. g5 h5 36. Bg2 Kd6 37. f4 Nd3 38. e5+ Kc7 39. Kf3 Kb6 40. Bf1 Nc1
41. Ra1 Nb3 42. Ra2 Be7 43. Rb2 Nc5 44. Bxc4 Na4 45. Rb1 Nxc3 46. Rb3 Na4 47.
Rb1 Kc5 48. Bxb5 cxb5 49. Rc1+ Kb6 50. Rc8 b4 51. Re8 Bc5 52. f5 gxf5 53. g6
fxg6 54. Rxe6+ Kb5 55. Ke2 b3 56. Kd3 b2 57. Kc2 Bd4 58. Rxg6 Bxe5 59. Re6 Bd4
60. Rd6 Kc4 61. Rd7 f4 62. Rf7 Be3 63. Rf5 Kd4 64. Ra5 Nc5 65. Kxb2 f3 66. Kc2
f2 67. Ra1 Ke4 68. Rf1 Kf3 69. Rd1 Kg2 70. Kc3 f1=Q 71. Rxf1 Kxf1 72. Kc4 Kg2
73. Kd5 Kh3 74. Ke5 Kxh4 75. Kd5 Kg3 76. Ke5 h4 77. Kd6 h3 78. Kd5 h2 79. Ke5
h1=Q 80. Kf6 Qc6+ 81. Kf7 Qe6+ 82. Kg7 Nd7 83. Kh7 Qf6 84. Kg8 Qf8+ 85. Kh7
Nf6+ 86. Kg6 {mambrino ran out of time and Hossa has no material to mate}
1/2-1/2

[Event "ICS rated blitz match"]
[Site "204.178.125.65"]
[Date "2001.01.21"]
[Round "?"]
[White "Hossa"]
[Black "mambrino"]
[Result "1-0"]
[WhiteElo "2581"]
[BlackElo "1974"]
[PlyCount "51"]
[EventDate "2001.??.??"]

1. e4 e6 2. d3 d5 3. Nd2 Nf6 4. g3 Nc6 5. Bg2 dxe4 6. Nxe4 Nxe4 7. Bxe4 f5 8.
Bxc6+ bxc6 9. Nf3 Bd6 10. Bg5 Be7 11. Bxe7 Qxe7 12. O-O O-O 13. Ne5 f4 14. c3
Qf6 15. Qe2 f3 16. Qe3 c5 17. Qxc5 Bb7 18. Qxc7 Bd5 19. Rfe1 Rac8 20. Qxa7 Qf5
21. g4 Qg5 22. c4 Rf4 23. cxd5 Rxg4+ 24. Kh1 Qf4 25. Nxg4 Qxg4 26. Rg1 {
mambrino resigns} 1-0

[Event "ICS rated blitz match"]
[Site "204.178.125.65"]
[Date "2001.01.21"]
[Round "?"]
[White "mambrino"]
[Black "Hossa"]
[Result "0-1"]
[WhiteElo "1971"]
[BlackElo "2584"]
[Annotator "Nimzo 8 (25s)"]
[PlyCount "44"]
[EventDate "2001.??.??"]

{C42: Russische Verteidigung (Petrow)} 1. e4 e5 2. Nf3 Nf6 3. Nc3 Bb4 4. d3 d5
5. exd5 Nxd5 6. Bd2 O-O 7. Be2 Nxc3 8. bxc3 Ba3 (8... Bd6 9. O-O $11) 9. O-O (
9. Nxe5 $142 $5 Re8 10. Nc4 $16) 9... Nc6 $11 10. Rb1 a6 11. d4 (11. c4 $142 $5
$11 {kommt in Betracht}) 11... exd4 $17 12. cxd4 Nxd4 13. Nxd4 Qxd4 14. Bd3 Qh4
15. g3 Qh3 16. Bf4 c6 (16... Bc5 17. Bxc7 Bg4 18. Be2 Bxe2 19. Qxe2 $17) 17.
Rb3 (17. Re1 $142 $11 {damit waere Weiss im Spiel geblieben}) 17... Bc5 $19 18.
Re1 Bg4 19. Be2 (19. Qc1 Bxf2+ 20. Kxf2 Qxh2+ 21. Ke3 Rad8 $19) 19... Rad8 20.
Rd3 Rxd3 (20... Bxf2+ $5 21. Kxf2 Qxh2+ 22. Ke3 Rfe8+ 23. Kd2 $19) 21. Qxd3 Re8
22. Qd2 $4 {das letzte Eigentor} (22. Be3 $142 Qh5 23. Qd2 $19) 22... Bxf2+ {
Zerstoerung der Bauerndeckung} (22... Bxf2+ 23. Kh1 Bxe2 24. Qxe2 Rxe2 25. Rd1
Bd4 26. a3 Qg2#) 0-1

[Event "ICS rated blitz match"]
[Site "204.178.125.65"]
[Date "2001.01.21"]
[Round "?"]
[White "mambrino"]
[Black "Hossa"]
[Result "0-1"]
[WhiteElo "1969"]
[BlackElo "2586"]
[PlyCount "28"]
[EventDate "2001.??.??"]

1. e4 e5 2. Nf3 Nf6 3. Nc3 Bb4 4. g3 O-O 5. d3 d5 6. exd5 Nxd5 7. Bd2 Re8 8.
Bg2 Nxc3 9. bxc3 e4 10. dxe4 Rxe4+ 11. Kf1 Bd6 12. Nd4 Re8 13. Nb5 Be5 14. Qf3
Qxd2 {mambrino resigns} 0-1

[Event "ICS rated blitz match"]
[Site "204.178.125.65"]
[Date "2001.01.21"]
[Round "?"]
[White "Hossa"]
[Black "mambrino"]
[Result "1-0"]
[WhiteElo "2587"]
[BlackElo "1968"]
[PlyCount "77"]
[EventDate "2001.??.??"]

1. e4 c5 2. c3 e6 3. d4 d5 4. e5 Nc6 5. Nf3 Qb6 6. Bd3 cxd4 7. cxd4 Bd7 8. Bc2
Nb4 9. Nc3 Nxc2+ 10. Qxc2 Ne7 11. O-O Nf5 12. Be3 Rc8 13. Qe2 Be7 14. Rac1 O-O
15. Rc2 f6 16. Rfc1 Nxe3 17. Qxe3 Bb4 18. exf6 gxf6 19. Qh6 Bxc3 20. bxc3 Qd6
21. Rb2 b6 22. Nd2 Qe7 23. Qh5 Qf7 24. Qg4+ Qg6 25. Qh3 Rc7 26. Qf3 Rfc8 27. a3
Be8 28. Ra2 Bf7 29. Qh3 e5 30. Qe3 e4 31. f3 f5 32. Nb1 Qf6 33. fxe4 fxe4 34.
Rf2 Qg6 35. Rcf1 Rf8 36. Nd2 Rcc8 37. Rf5 Be6 38. Rg5 Rxf1+ 39. Nxf1 {
mambrino resigns} 1-0

[Event "ICS rated blitz match"]
[Site "204.178.125.65"]
[Date "2001.01.21"]
[Round "?"]
[White "mambrino"]
[Black "Hossa"]
[Result "0-1"]
[WhiteElo "1967"]
[BlackElo "2588"]
[PlyCount "52"]
[EventDate "2001.??.??"]

1. d3 d5 2. g3 e5 3. Bg2 c6 4. c3 Bd6 5. Nf3 Nf6 6. O-O O-O 7. Nbd2 b6 8. e4
Na6 9. Qe2 Qe7 10. Re1 Re8 11. Nf1 dxe4 12. dxe4 Nc5 13. N3d2 Ba6 14. c4 Ne6
15. Nf3 Bc7 16. b3 Nd4 17. Nxd4 exd4 18. f3 c5 19. Bg5 h6 20. Bxf6 Qxf6 21. Qd3
Rad8 22. f4 Qg6 23. Rad1 Bc8 24. Nd2 Bg4 25. Bf3 Bxf4 26. Bxg4 Be3+ {
mambrino resigns} 0-1